[Event "Cappelle Online Blitz op"]
[Site "Europe Echecs INT"]
[Date "2021.03.07"]
[Round "6"]
[White "Joly, Charlotte"]
[Black "Pallas Moragues, Gerard"]
[Result "1-0"]
[WhiteElo "1454"]
[BlackElo "1647"]
[PlyCount "97"]
[EventDate "2021.03.07"]
[EventType "swiss (blitz)"]
[EventRounds "11"]
[EventCountry "FRA"]
[SourceTitle "CBM 201 Extra"]
[Source "ChessBase"]
[SourceDate "2021.05.31"]
[SourceVersion "1"]
[SourceVersionDate "2021.05.31"]
[SourceQuality "1"]

1. d4 e6 2. Bf4 d6 3. e3 f6 4. Nf3 g5 5. Bg3 h5 6. h3 h4 7. Bh2 Qe7 8. Bd3 Rh6 9. Nbd2 d5 10. c3 c6 11. Qc2 Qg7 12. 0-0-0 Bd7 13. Rde1 b5 14. e4 Ne7 15. exd5 exd5 16. Bd6 a6 17. Bf5 Bxf5 18. Qxf5 Nd7 19. Re2 Kd8 20. Qd3 Nb6 21. Rhe1 Nbc8 22. Bc5 Rb8 23. Nb3 f5 24. Na5 g4 25. Bxe7+ Bxe7 26. Ne5 Kc7 27. Nexc6 Bg5+ 28. Kc2 Rxc6 29. Nxc6 Kxc6 30. Qxf5 Nd6 31. Qxg4 Re8 32. Rxe8 Nxe8 33. Qe6+ Nd6 34. Re5 Bf6 35. Qxd5+ Kd7 36. Re6 Qg6+ 37. Kb3 Be7 38. Rxg6 Ke8 39. Rxd6 Bxd6 40. Qxd6 a5 41. Qc6+ Kf7 42. Qxb5 Kg6 43. Qxa5 Kf6 44. d5 Ke5 45. c4 Kf4 46. d6 Ke4 47. d7 Kd3 48. Qe1 Kd4 49. Qe3# 1-0

[Event "FRA-ch Blitz Online Qual"]
[Site "Europe Echecs INT"]
[Date "2020.05.16"]
[Round "8"]
[White "Joly, Charlotte"]
[Black "Farthouat, Titoine"]
[Result "1-0"]
[WhiteElo "1454"]
[BlackElo "1652"]
[PlyCount "95"]
[EventDate "2020.05.16"]
[EventType "swiss (blitz)"]
[EventRounds "15"]
[EventCountry "FRA"]
[SourceTitle "CBM 196 Extra"]
[Source "ChessBase"]
[SourceDate "2020.07.31"]
[SourceVersion "1"]
[SourceVersionDate "2020.07.31"]
[SourceQuality "1"]

1. d4 Nf6 2. Bf4 d5 3. e3 c5 4. c3 e6 5. Nf3 Bd6 6. Bxd6 Qxd6 7. Nbd2 0-0 8. Be2 Nbd7 9. 0-0 b6 10. Qa4 Bb7 11. Bb5 a6 12. Be2 e5 13. dxe5 Nxe5 14. Nxe5 Qxe5 15. Nf3 Qh5 16. Qb3 b5 17. Qd1 Ng4 18. h3 Ne5 19. Nxe5 Qxe5 20. Bf3 Rfe8 21. Qe2 Rad8 22. Rad1 f5 23. Rfe1 Qc7 24. Qc2 Qf7 25. Qe2 d4 26. Bxb7 Qxb7 27. cxd4 cxd4 28. Qc2 Rd6 29. exd4 Red8 30. Qxf5 Rg6 31. Qe4 Qc7 32. g3 Qd7 33. h4 Rd6 34. Qe7 Qc6 35. Qe4 Qd7 36. Qf4 Rf6 37. Qe3 Qg4 38. Qe4 Qh5 39. Qe2 Qg6 40. Qe4 Qh6 41. d5 Rg6 42. Qf4 Qh5 43. Qe4 Qh6 44. d6 Qh5 45. Qc2 Qxh4 46. Qb3+ Kh8 47. d7 Qg5 48. Re8+ 1-0

[Event "FRA-ch Blitz Online Qual"]
[Site "Europe Echecs INT"]
[Date "2020.05.16"]
[Round "1"]
[White "Maccagnan, Tomas"]
[Black "Joly, Charlotte"]
[Result "1/2-1/2"]
[WhiteElo "1968"]
[BlackElo "1454"]
[PlyCount "71"]
[EventDate "2020.05.16"]
[EventType "swiss (blitz)"]
[EventRounds "15"]
[EventCountry "FRA"]
[SourceTitle "CBM 196 Extra"]
[Source "ChessBase"]
[SourceDate "2020.07.31"]
[SourceVersion "1"]
[SourceVersionDate "2020.07.31"]
[SourceQuality "1"]

1. e4 d5 2. exd5 Qxd5 3. Nc3 Qa5 4. d4 c6 5. Bd2 Qc7 6. Nf3 Nf6 7. Bd3 Bg4 8. h3 Bxf3 9. Qxf3 e6 10. Bf4 Bd6 11. Bxd6 Qxd6 12. 0-0-0 Nbd7 13. g4 0-0-0 14. g5 Nd5 15. Nxd5 Qxd5 16. Kb1 Qxf3 17. Rde1 Nb6 18. b3 Rxd4 19. Kb2 Rhd8 20. a4 Qxf2 21. Rhf1 Qh2 22. Kc3 Qxh3 23. Rxf7 g6 24. a5 Na8 25. a6 bxa6 26. Rxe6 Qxe6 27. Bxa6+ Kb8 28. Rb7+ Kc8 29. Rxh7+ Kb8 30. Rb7+ Kc8 31. Rxa7+ Kb8 32. Rb7+ Kc8 33. Re7+ Kb8 34. Rb7+ Kc8 35. Ra7+ Kb8 36. Rb7+ 1/2-1/2

[Event "FRA-ch Blitz Online Qual"]
[Site "Europe Echecs INT"]
[Date "2020.05.16"]
[Round "3"]
[White "Muller, Lorelei"]
[Black "Joly, Charlotte"]
[Result "0-1"]
[WhiteElo "1541"]
[BlackElo "1454"]
[PlyCount "108"]
[EventDate "2020.05.16"]
[EventType "swiss (blitz)"]
[EventRounds "15"]
[EventCountry "FRA"]
[SourceTitle "CBM 196 Extra"]
[Source "ChessBase"]
[SourceDate "2020.07.31"]
[SourceVersion "1"]
[SourceVersionDate "2020.07.31"]
[SourceQuality "1"]

1. e4 d5 2. exd5 Qxd5 3. Nc3 Qa5 4. d3 c6 5. Bd2 Qc7 6. Nf3 Nf6 7. Be2 Bg4 8. h3 Bxf3 9. Bxf3 e6 10. 0-0 Bd6 11. Ne4 Nxe4 12. Bxe4 Nd7 13. a3 Nf6 14. Qe2 Nxe4 15. Qxe4 0-0 16. Rae1 Rad8 17. Re3 Be7 18. Rg3 Bf6 19. Qg4 Rd4 20. Qf3 Rd5 21. Bh6 Rf5 22. Qe4 Qe5 23. Qxe5 Rxe5 24. d4 Re2 25. Be3 Rd8 26. c3 Rxb2 27. Ra1 Rc2 28. Bf4 Bh4 29. Rg4 Bf6 30. Rg3 g6 31. Rf3 Bg7 32. Bc7 Rd7 33. Bb8 a6 34. Ba7 Rd5 35. Bc5 Rf5 36. Rxf5 exf5 37. Bb4 b6 38. a4 a5 39. Be7 Rxc3 40. Bd8 Rb3 41. Bc7 Bxd4 42. Rc1 c5 43. Bxb6 Rxb6 44. Kf1 Rb4 45. Re1 Rxa4 46. Re8+ Kg7 47. Ra8 Ra1+ 48. Ke2 Ra2+ 49. Kd3 Rxf2 50. Rxa5 Rxg2 51. Kc4 Rg3 52. Rxc5 Bxc5 53. Kxc5 Rxh3 54. Kd5 Re3 0-1